[Event "Hilton Open 2013"]
[Site "Basel"]
[Date "2013.01.02"]
[Round "2.11"]
[White "Gavrilov, Alexei"]
[Black "Milosevic, Goran"]
[Result "1/2-1/2"]
[WhiteElo "2501"]
[BlackElo "2328"]
[PlyCount "120"]
[EventDate "2013.??.??"]
[SourceDate "2013.01.01"]

1. d4 Nf6 2. c4 e6 3. Nf3 Bb4+ 4. Bd2 Bxd2+ 5. Qxd2 O-O 6. g3 b6 7. Bg2 Bb7 8.
Nc3 Ne4 9. Nxe4 Bxe4 10. O-O d6 11. Rfd1 Nd7 12. Rac1 Qe7 13. Qe3 Nf6 14. d5
Bxf3 15. exf3 e5 16. f4 Qd8 17. fxe5 Ng4 18. Qc3 Nxe5 19. Re1 Re8 20. Bh3 Ng6
21. Kf1 a5 22. b3 Kf8 23. Rxe8+ Qxe8 24. Re1 Qd8 25. Bf5 Qg5 26. Bd7 Ne5 27. f4
Qf6 28. Bb5 g5 29. Qd4 gxf4 30. gxf4 Kg7 31. Ke2 Ng6 32. Qxf6+ Kxf6 33. Ke3 Rg8
34. Rg1 h6 35. Ke4 Ne7 36. Rg3 Rxg3 37. hxg3 h5 38. Bd7 Kg6 39. Be8 Kf6 40. Bd7
Kg6 41. Kf3 Nf5 42. Kg2 Kf6 43. Kh3 Ne3 44. Kh4 Kg6 45. Be8 Nf5+ 46. Kh3 Ne3
47. Bd7 Kf6 48. Kh2 Kg6 49. Ba4 Nc2 50. Kh3 Ne3 51. Be8 Nf5 52. Kg2 Nd4 53. Kf2
Nf5 54. Bd7 Kf6 55. Kg2 Ne3+ 56. Kf2 Nf5 57. Kf3 Kg6 58. Kg2 Ne3+ 59. Kf2 Nf5
60. Kf3 Kf6 1/2-1/2

[Event "Hilton Open 2013"]
[Site "Basel"]
[Date "2013.01.02"]
[Round "2.12"]
[White "Maeurer, Christoph"]
[Black "Heimann, Andreas"]
[Result "0-1"]
[WhiteElo "2291"]
[BlackElo "2489"]
[PlyCount "110"]
[EventDate "2013.??.??"]
[SourceDate "2013.01.01"]

1. Nf3 d5 2. c4 d4 3. g3 Nc6 4. Bg2 e5 5. O-O Nf6 6. d3 Bd6 7. Na3 O-O 8. Nc2
a5 9. b3 h6 10. a3 Bg4 11. Bb2 Re8 12. Re1 Bc5 13. Nd2 Bf5 14. b4 axb4 15. axb4
Nxb4 16. Nb3 Rxa1 17. Bxa1 Bf8 18. Qd2 Nxc2 19. Qxc2 c6 20. Rb1 Qc7 21. Qd2 c5
22. Qa5 b6 23. Qa6 e4 24. Bf1 Bc8 25. Qa2 Bb7 26. dxe4 Bxe4 27. Rd1 Ng4 28. Nd2
Bb7 29. Nf3 Ne5 30. Nxe5 Qxe5 31. Rd3 Ra8 32. Qb2 Qe6 33. Rb3 Ra6 34. Qc1 Qc6
35. f3 Ra2 36. Bb2 Bc8 37. Qb1 Ra6 38. Bc1 Be6 39. e4 Qa4 40. Ra3 Qd1 41. Qd3
Qxd3 42. Bxd3 Rxa3 43. Bxa3 Bd6 44. Kf2 Kf8 45. f4 f6 46. Be2 Ke7 47. Bb2 Kd7
48. Ke1 Kc7 49. Bc1 b5 50. cxb5 Kb6 51. f5 Bf7 52. Bf4 Be7 53. e5 fxe5 54. Bxe5
Bf6 55. Bxf6 gxf6 0-1

[Event "Hilton Open 2013"]
[Site "Basel"]
[Date "2013.01.02"]
[Round "2.13"]
[White "Vorotnikov, Vladislav V"]
[Black "Grandadam, Nicolas"]
[Result "1-0"]
[WhiteElo "2464"]
[BlackElo "2322"]
[PlyCount "39"]
[EventDate "2013.??.??"]
[SourceDate "2013.01.01"]

1. d4 d5 2. Nc3 Nf6 3. Nf3 e6 4. Bg5 Be7 5. Bxf6 Bxf6 6. e4 dxe4 7. Nxe4 Be7 8.
Bd3 Nd7 9. Qd2 O-O 10. O-O-O b6 11. h4 Bb7 12. Qf4 Qb8 13. Neg5 h6 14. Ne5 Nxe5
15. dxe5 a5 16. Rh3 Ba6 17. Bh7+ Kh8 18. Be4 Bb7 19. Nxf7+ Kg8 20. Nxh6+ 1-0

[Event "Hilton Open 2013"]
[Site "Basel"]
[Date "2013.01.02"]
[Round "2.14"]
[White "Hess, Christian Mathias"]
[Black "Kurmann, Oliver"]
[Result "0-1"]
[WhiteElo "2269"]
[BlackElo "2456"]
[PlyCount "56"]
[EventDate "2013.??.??"]
[SourceDate "2013.01.01"]

1. Nf3 Nf6 2. c4 c5 3. Nc3 e6 4. e3 d5 5. d4 a6 6. cxd5 exd5 7. Be2 c4 8. Ne5
b5 9. Bf3 Bb7 10. O-O Bd6 11. b3 b4 12. Na4 c3 13. a3 a5 14. Nc5 Qc7 15. axb4
axb4 16. Rxa8 Bxa8 17. Ned3 Qa5 18. e4 dxe4 19. Re1 O-O 20. Nxe4 Nxe4 21. Bxe4
Bxe4 22. Rxe4 Qd5 23. f3 f5 24. Re2 Nc6 25. Be3 Nxd4 26. Bxd4 Qxd4+ 27. Nf2
Qxd1+ 28. Nxd1 Ra8 0-1

[Event "Hilton Open 2013"]
[Site "Basel"]
[Date "2013.01.02"]
[Round "2.15"]
[White "Dann, Matthias"]
[Black "Vatter, Hans Joachim"]
[Result "1/2-1/2"]
[WhiteElo "2432"]
[BlackElo "2318"]
[PlyCount "113"]
[EventDate "2013.??.??"]
[SourceDate "2013.01.01"]

1. c4 c5 2. Nf3 g6 3. g3 Bg7 4. Bg2 Nc6 5. Nc3 e5 6. O-O Nge7 7. a3 a5 8. d3
O-O 9. Ne1 d6 10. Nc2 Nd4 11. Rb1 Nxc2 12. Qxc2 Nc6 13. e3 Be6 14. Bd2 Rb8 15.
Rfc1 Qd7 16. Qa4 Bf5 17. Be4 Ra8 18. Qd1 Bg4 19. Bf3 Bxf3 20. Qxf3 f5 21. Qg2
Rae8 22. Rd1 e4 23. dxe4 fxe4 24. Nxe4 Qe6 25. Nc3 Ne5 26. Qd5 Nxc4 27. Be1
Bxc3 28. Bxc3 Qxd5 29. Rxd5 a4 30. h4 Kf7 31. h5 Ke6 32. Rg5 Rg8 33. Kg2 b5 34.
hxg6 hxg6 35. Rg4 Kd5 36. Rf4 Rgf8 37. e4+ Kc6 38. Rxf8 Rxf8 39. f4 d5 40.
exd5+ Kxd5 41. Kf3 Rb8 42. Rd1+ Kc6 43. Rc1 Re8 44. g4 Re3+ 45. Kf2 Rh3 46. Rg1
Nd6 47. Kg2 Re3 48. Kf2 Rh3 49. Re1 Rd3 50. Re6 Kd5 51. Rxg6 Ne4+ 52. Ke2 Rh3
53. Bg7 Rh2+ 54. Kf3 Nd2+ 55. Kg3 Nf1+ 56. Kf3 Nd2+ 57. Kg3 1/2-1/2

[Event "Hilton Open 2013"]
[Site "Basel"]
[Date "2013.01.02"]
[Round "2.16"]
[White "Karabalis, Harilos"]
[Black "Aguera Naredo, Javier"]
[Result "1/2-1/2"]
[WhiteElo "2245"]
[BlackElo "2417"]
[PlyCount "101"]
[EventDate "2013.??.??"]
[SourceDate "2013.01.01"]

1. e4 d6 2. d4 Nf6 3. Nc3 g6 4. Be3 c6 5. Qd2 Nbd7 6. f3 b5 7. Nh3 Nb6 8. Nf2
a5 9. Bd3 Ba6 10. b3 Bg7 11. O-O O-O 12. Bh6 e5 13. Bxg7 Kxg7 14. dxe5 dxe5 15.
Rfd1 Qc7 16. Ne2 c5 17. Ng3 c4 18. Be2 b4 19. Nf5+ Kh8 20. Qh6 Rg8 21. Bf1 Ne8
22. Ne3 Qc5 23. Rac1 c3 24. Bxa6 Rxa6 25. Rd8 Nf6 26. Rcd1 Ra8 27. R8d3 Nh5 28.
Nfg4 Qe7 29. Nd5 Nxd5 30. Rxd5 Nf6 31. Nxf6 Qxf6 32. Rd6 Qe7 33. Rd7 Qc5+ 34.
Kh1 Rgf8 35. Qh4 a4 36. Qf6+ Kg8 37. h4 axb3 38. axb3 Qe3 39. Qxe5 Qf2 40. Qf6
Qxc2 41. h5 Ra2 42. Rg1 Ra5 43. e5 Qf5 44. Qxf5 gxf5 45. f4 Rc8 46. g4 fxg4 47.
Rxg4+ Kf8 48. e6 Rxh5+ 49. Kg2 fxe6 50. Rgg7 c2 51. Rdf7+ 1/2-1/2

[Event "Hilton Open 2013"]
[Site "Basel"]
[Date "2013.01.02"]
[Round "2.17"]
[White "Lekic, Dusan"]
[Black "Xheladini, Mahmut"]
[Result "1-0"]
[WhiteElo "2411"]
[BlackElo "2281"]
[PlyCount "73"]
[EventDate "2013.??.??"]
[SourceDate "2013.01.01"]

1. d4 d5 2. c4 c6 3. Nf3 Nf6 4. Nc3 e6 5. Bg5 Nbd7 6. e3 Bd6 7. Bd3 h6 8. Bh4
O-O 9. O-O Re8 10. Rc1 dxc4 11. Bxc4 b5 12. Bd3 Bb7 13. Ne4 Be7 14. Bxf6 Nxf6
15. Nc5 Bxc5 16. Rxc5 Nd7 17. Rc1 Qb6 18. Bb1 Rac8 19. b4 Red8 20. Qc2 Nf8 21.
Ne5 Rc7 22. h4 Ra8 23. h5 a5 24. a3 axb4 25. axb4 Ra4 26. Qb2 Ba8 27. Rc3 Nd7
28. Nxd7 Rxd7 29. Rfc1 Rd5 30. Qc2 Rxh5 31. Qh7+ Kf8 32. Be4 Ke7 33. Qxg7 Qb8
34. f4 Rxb4 35. Bg6 Rd5 36. Qxf7+ Kd6 37. e4 1-0

[Event "Hilton Open 2013"]
[Site "Basel"]
[Date "2013.01.02"]
[Round "2.18"]
[White "Sommerhalder, Eric"]
[Black "Mladenov, Svetlin"]
[Result "0-1"]
[WhiteElo "2054"]
[BlackElo "2407"]
[PlyCount "74"]
[EventDate "2013.??.??"]
[SourceDate "2013.01.01"]

1. e4 c5 2. Nf3 e6 3. d4 cxd4 4. Nxd4 a6 5. c4 Nf6 6. Nc3 Qc7 7. g3 Bb4 8. Bg2
Qxc4 9. Be3 Bxc3+ 10. bxc3 Nc6 11. Qc2 Ng4 12. Qd2 Nxe3 13. Qxe3 O-O 14. f4 d5
15. e5 f6 16. exf6 Rxf6 17. Nb3 Ne7 18. Rd1 Bd7 19. Qc5 Bb5 20. Rd2 Nf5 21.
Qxc4 Bxc4 22. Na5 Bb5 23. c4 dxc4 24. Bxb7 Rb8 25. Kf2 Rf7 26. Bf3 g5 27. fxg5
c3 28. Rdd1 Nh4 29. gxh4 Rbf8 30. Rhe1 Rxf3+ 31. Kg2 Rf2+ 32. Kg3 Be2 33. Rd6
R8f3+ 34. Kg4 Rf4+ 35. Kg3 R2f3+ 36. Kg2 Rg4+ 37. Kh1 Rf2 0-1

[Event "Hilton Open 2013"]
[Site "Basel"]
[Date "2013.01.02"]
[Round "2.19"]
[White "Loetscher, Roland"]
[Black "Sand, Rolf"]
[Result "1-0"]
[WhiteElo "2395"]
[BlackElo "1949"]
[PlyCount "67"]
[EventDate "2013.??.??"]
[SourceDate "2013.01.01"]

1. d4 Nf6 2. c4 g6 3. Nc3 d5 4. cxd5 Nxd5 5. e4 Nxc3 6. bxc3 Bg7 7. Nf3 c5 8.
Rb1 O-O 9. Be2 cxd4 10. cxd4 Qa5+ 11. Bd2 Qxa2 12. O-O Bg4 13. Bg5 h6 14. Be3
Nc6 15. d5 Na5 16. Re1 Bxf3 17. Bxf3 Rfc8 18. Re2 Qa3 19. Bf4 Rc4 20. h4 b6 21.
Kh2 Rac8 22. Bg4 Rd4 23. Qe1 Rcc4 24. Bd7 Nb3 25. Re3 Rb4 26. Qc3 Rxe4 27. Qc8+
Kh7 28. Rbxb3 Qa5 29. Rxb4 Qxb4 30. g3 a5 31. h5 Rxe3 32. Bxe3 Be5 33. hxg6+
fxg6 34. Be6 1-0

[Event "Hilton Open 2013"]
[Site "Basel"]
[Date "2013.01.02"]
[Round "2.20"]
[White "Edouard, Romain"]
[Black "Bagri, Jaspaul"]
[Result "1-0"]
[WhiteElo "2686"]
[BlackElo "2178"]
[PlyCount "89"]
[EventDate "2013.??.??"]
[SourceDate "2013.01.01"]

1. e4 e5 2. Nf3 Nc6 3. Bb5 a6 4. Ba4 Nf6 5. O-O Be7 6. d3 b5 7. Bb3 d6 8. a4
Bd7 9. c3 O-O 10. Nbd2 Na5 11. Bc2 c5 12. Re1 Qc7 13. Nf1 Rfe8 14. Bg5 h6 15.
Bh4 Be6 16. Ne3 Nc6 17. Bb3 Na5 18. Bxe6 fxe6 19. b4 cxb4 20. cxb4 Nc6 21. d4
Nxe4 22. Bxe7 Nxe7 23. axb5 axb5 24. Rc1 Qb7 25. dxe5 d5 26. Nd4 Ng6 27. f3 Ng5
28. Rc5 Qf7 29. Nec2 Nf4 30. Qd2 Ra2 31. g3 Qg6 32. Rc3 Ngh3+ 33. Kf1 Nh5 34.
Qd3 Nxg3+ 35. hxg3 Qxg3 36. Qd2 Nf4 37. Qf2 Qh3+ 38. Kg1 Rf8 39. Qh2 g5 40.
Qxh3 Nxh3+ 41. Kh2 Nf4 42. Ra1 Rfa8 43. Rxa2 Rxa2 44. Nxb5 Kf7 45. Nbd4 1-0

[Event "Hilton Open 2013"]
[Site "Basel"]
[Date "2013.01.02"]
[Round "2.21"]
[White "Melkumyan, Hrant"]
[Black "Villegas, Pierre"]
[Result "1-0"]
[WhiteElo "2656"]
[BlackElo "2234"]
[PlyCount "55"]
[EventDate "2013.??.??"]
[SourceDate "2013.01.01"]

1. d4 Nf6 2. c4 g6 3. Nc3 d5 4. cxd5 Nxd5 5. e4 Nxc3 6. bxc3 Bg7 7. Bc4 c5 8.
Ne2 Nc6 9. Be3 O-O 10. O-O Bg4 11. f3 Bd7 12. Rc1 Qc7 13. Nf4 Na5 14. Bd3 e6
15. Qe1 Rfd8 16. e5 Ba4 17. Qg3 Qe7 18. Nh5 gxh5 19. Bg5 Qf8 20. Qh4 Rd7 21.
Qe4 f5 22. exf6 Bxf6 23. Qxe6+ Kg7 24. Qf5 Bxd4+ 25. cxd4 Qxf5 26. Bxf5 Rxd4
27. Rxc5 Nc6 28. Be4 1-0

[Event "Hilton Open 2013"]
[Site "Basel"]
[Date "2013.01.02"]
[Round "2.22"]
[White "Ghaem Maghami, Ehsan"]
[Black "Mueller, Werner"]
[Result "1-0"]
[WhiteElo "2572"]
[BlackElo "2100"]
[PlyCount "39"]
[EventDate "2013.??.??"]
[SourceDate "2013.01.01"]

1. c4 g6 2. d4 Nf6 3. Nc3 d5 4. cxd5 Nxd5 5. e4 Nxc3 6. bxc3 c5 7. Bc4 Bg7 8.
Ne2 Nc6 9. Be3 O-O 10. O-O Qc7 11. Rc1 Rd8 12. Bf4 Qa5 13. Qb3 Rf8 14. Rfd1 b6
15. Bb5 Bb7 16. dxc5 bxc5 17. Rd7 Qb6 18. Bc7 Na5 19. Bxb6 Nxb3 20. axb3 1-0

[Event "Hilton Open 2013"]
[Site "Basel"]
[Date "2013.01.02"]
[Round "2.23"]
[White "Guo, Emma"]
[Black "Hendriks, Willy"]
[Result "1/2-1/2"]
[WhiteElo "2006"]
[BlackElo "2420"]
[PlyCount "90"]
[EventDate "2013.??.??"]
[SourceDate "2013.01.01"]

1. d4 c5 2. d5 d6 3. Nc3 g6 4. Nf3 Bg7 5. e4 Nf6 6. Bb5+ Nbd7 7. a4 O-O 8. O-O
a6 9. Be2 Rb8 10. Re1 Ne8 11. Bf4 Nc7 12. Qd2 Re8 13. Bf1 b5 14. axb5 axb5 15.
Bh6 Bh8 16. Ng5 Ne5 17. h3 f6 18. Nf3 Nxf3+ 19. gxf3 Bd7 20. f4 Ra8 21. Rab1 b4
22. Nd1 Nb5 23. Bxb5 Bxb5 24. f5 Kf7 25. Kh2 Rg8 26. Ne3 Ra2 27. Rg1 Qa5 28.
Qd1 Qa6 29. Qg4 Qc8 30. f4 Ke8 31. Qh4 Kd8 32. fxg6 hxg6 33. f5 g5 34. Qh5 Be8
35. Qe2 Bg7 36. Bxg7 Rxg7 37. Ra1 Qa8 38. Rxa2 Qxa2 39. b3 Rh7 40. Qd1 Bb5 41.
Qa1 Qxa1 42. Rxa1 Rh4 43. Ng4 Be2 44. Kg3 Ke8 45. Re1 Bxg4 1/2-1/2

[Event "Hilton Open 2013"]
[Site "Basel"]
[Date "2013.01.02"]
[Round "2.24"]
[White "Dimitrov, Atanas"]
[Black "Bhend, Edwin"]
[Result "1-0"]
[WhiteElo "2346"]
[BlackElo "2248"]
[PlyCount "39"]
[EventDate "2013.??.??"]
[SourceDate "2013.01.01"]

1. d4 d5 2. c4 Nc6 3. Nc3 dxc4 4. d5 Ne5 5. Nf3 Ng6 6. Qa4+ Bd7 7. Qxc4 e5 8.
dxe6 fxe6 9. Bg5 Be7 10. h4 c6 11. O-O-O Qc7 12. Bxe7 N6xe7 13. Nb5 Qb6 14.
Nd6+ Kf8 15. Ne5 Nf6 16. Nxd7+ Nxd7 17. Qxe6 Qc5+ 18. Kb1 Ne5 19. Rh3 Nd5 20.
Qxe5 1-0

[Event "Hilton Open 2013"]
[Site "Basel"]
[Date "2013.01.02"]
[Round "2.26"]
[White "Heinis, Vincent"]
[Black "Lutz, Bernhard"]
[Result "0-1"]
[WhiteElo "2101"]
[BlackElo "2348"]
[PlyCount "88"]
[EventDate "2013.??.??"]
[SourceDate "2013.01.01"]

1. e4 c5 2. Nc3 e6 3. f4 Nc6 4. Nf3 d5 5. exd5 exd5 6. Bb5 a6 7. Qe2+ Be7 8.
Bxc6+ bxc6 9. Ne5 Qc7 10. O-O Nf6 11. b3 O-O 12. Ba3 Bb7 13. Na4 Qa5 14. d3
Rfe8 15. Qe1 Qc7 16. Bxc5 Nd7 17. Qf2 Nxc5 18. Nxc5 f6 19. Nf3 Bc8 20. Nd2 Qa5
21. Na4 Bb4 22. Nf3 Bg4 23. a3 Bd6 24. g3 Re7 25. Rfe1 Rae8 26. c3 Qb5 27. Rxe7
Rxe7 28. Nd4 Qxd3 29. Re1 c5 30. Rxe7 Bxe7 31. Qe1 cxd4 32. Qxe7 Qd1+ 33. Kf2
Qd2+ 34. Kg1 Qc1+ 35. Kf2 Qd2+ 36. Kg1 h5 37. cxd4 Bf3 38. Kf1 Qg2+ 39. Ke1
Qg1+ 40. Kd2 Qxd4+ 41. Kc1 Qg1+ 42. Kb2 Qxh2+ 43. Ka1 Qxg3 44. Nc5 Qg1+ 0-1

[Event "Hilton Open 2013"]
[Site "Basel"]
[Date "2013.01.02"]
[Round "2.27"]
[White "Terraz, Christian"]
[Black "Melkumjanz, Nikolay"]
[Result "1/2-1/2"]
[WhiteElo "2098"]
[BlackElo "2256"]
[PlyCount "103"]
[EventDate "2013.??.??"]
[SourceDate "2013.01.01"]

1. d4 g6 2. c4 Bg7 3. Nc3 d6 4. Nf3 Nf6 5. Bg5 O-O 6. e3 h6 7. Bh4 Nbd7 8. Be2
c6 9. O-O a6 10. Qc2 b5 11. b4 Bb7 12. c5 dxc5 13. dxc5 Re8 14. Rad1 Qc8 15.
Nd2 a5 16. a3 Nb8 17. Bf3 axb4 18. axb4 Na6 19. Qb3 Nc7 20. Bg3 Nh5 21. Be4
Nxg3 22. fxg3 e6 23. Bb1 Rf8 24. Nde4 Nd5 25. Nd6 Qc7 26. Ne2 Ra4 27. Nf4 Bc8
28. Nxd5 exd5 29. e4 Be5 30. Nxc8 Qxc8 31. exd5 Qg4 32. Qe3 Bg7 33. h3 Qxb4 34.
Rf4 Qa3 35. Qxa3 Rxa3 36. dxc6 Rc3 37. Ba2 Rxc5 38. Rd5 Rxc6 39. Rxb5 Rc1+ 40.
Kh2 Rc7 41. Bd5 h5 42. h4 Bc3 43. Rc4 Rxc4 44. Bxc4 Rc8 45. Bd5 Rd8 46. Kh3 Kg7
47. g4 hxg4+ 48. Kxg4 f5+ 49. Kf3 Be1 50. g3 Rc8 51. Rb3 Kh6 52. Re3 1/2-1/2

[Event "Hilton Open 2013"]
[Site "Basel"]
[Date "2013.01.02"]
[Round "2.28"]
[White "Kaspereit, Holger"]
[Black "Nuri, Kambez"]
[Result "0-1"]
[WhiteElo "2094"]
[BlackElo "2241"]
[PlyCount "64"]
[EventDate "2013.??.??"]
[SourceDate "2013.01.01"]

1. e4 c5 2. d4 cxd4 3. c3 d3 4. Bxd3 g6 5. Nf3 Bg7 6. c4 d6 7. h3 Nf6 8. Nc3
O-O 9. Be3 Na6 10. Rc1 Bd7 11. O-O Nc5 12. Bb1 Qa5 13. b3 Rfc8 14. Nd5 Nxd5 15.
exd5 b5 16. Re1 bxc4 17. Bxc5 Rxc5 18. bxc4 Bb2 19. Rxe7 Qd8 20. Rxd7 Qxd7 21.
Rc2 Bf6 22. Rc1 Rac8 23. Bd3 Qc7 24. Rc2 Ra5 25. Nd2 Ra3 26. Nb3 Qb6 27. Qf3
Kg7 28. Qg4 Re8 29. Re2 Rxe2 30. Qxe2 a5 31. Qd2 a4 32. Qc1 Qb4 0-1

[Event "Hilton Open 2013"]
[Site "Basel"]
[Date "2013.01.02"]
[Round "2.29"]
[White "Curien, Nicolas"]
[Black "Graeber, Fabien"]
[Result "1-0"]
[WhiteElo "2239"]
[BlackElo "2071"]
[PlyCount "101"]
[EventDate "2013.??.??"]
[SourceDate "2013.01.01"]

1. d4 d5 2. Bf4 Nf6 3. e3 c5 4. c3 Qb6 5. Qb3 Nc6 6. Nd2 c4 7. Qc2 g6 8. e4 e6
9. Ngf3 Bg7 10. e5 Nd7 11. b3 cxb3 12. axb3 O-O 13. Bd3 f6 14. exf6 Nxf6 15.
O-O Bd7 16. Ne5 Rac8 17. Qb2 Nxe5 18. Bxe5 a6 19. Rab1 Bb5 20. c4 Bc6 21. c5
Qd8 22. b4 Bh6 23. Bd6 Rf7 24. Nf3 Ne8 25. Bg3 Bg7 26. Ne5 Bxe5 27. Bxe5 Nf6
28. f3 Nh5 29. Qd2 Qd7 30. Qh6 Ng7 31. Bxg7 Rxg7 32. Qe3 Re8 33. Qe2 Rf7 34. f4
Qd8 35. g3 Qf6 36. Qe3 Kg7 37. h4 Qd8 38. Rbe1 Qf6 39. Qf2 Bd7 40. Re5 Ref8 41.
h5 gxh5 42. Rxh5 Kh8 43. Kg2 Rg8 44. Rfh1 Rgg7 45. Rh6 Qd8 46. Qe2 Qc7 47. R1h4
Bc8 48. Qh5 Kg8 49. Bxh7+ Rxh7 50. Qg6+ Kh8 51. Rxh7+ 1-0

[Event "Hilton Open 2013"]
[Site "Basel"]
[Date "2013.01.02"]
[Round "2.30"]
[White "Duessel, Udo"]
[Black "Giesler, Julius"]
[Result "0-1"]
[WhiteElo "2228"]
[BlackElo "2089"]
[PlyCount "60"]
[EventDate "2013.??.??"]
[SourceDate "2013.01.01"]

1. d4 d5 2. c4 e6 3. g3 c6 4. Bg2 Nf6 5. Nf3 Be7 6. O-O O-O 7. b3 b6 8. Bb2 Bb7
9. Nbd2 Nbd7 10. Rc1 c5 11. cxd5 Bxd5 12. Qc2 cxd4 13. Nxd4 Rc8 14. Qb1 Bxg2
15. Kxg2 Nc5 16. Rfd1 Qd5+ 17. f3 Qh5 18. e4 g6 19. Ne2 e5 20. Nc3 Rfd8 21. Nc4
b5 22. Ne3 Kf8 23. Ncd5 Ne6 24. Nxe7 Ng5 25. Ng4 Nxg4 26. fxg4 Qxg4 27. Rd3
Qe2+ 28. Kh1 Rxc1+ 29. Qxc1 Qxd3 30. Kg1 Nh3+ 0-1

[Event "Hilton Open 2013"]
[Site "Basel"]
[Date "2013.01.02"]
[Round "2.31"]
[White "Tschann, Stephan"]
[Black "Staechelin, Ruedi"]
[Result "1-0"]
[WhiteElo "2224"]
[BlackElo "2078"]
[PlyCount "39"]
[EventDate "2013.??.??"]
[SourceDate "2013.01.01"]

1. Nf3 d5 2. c4 c6 3. e3 Nf6 4. Nc3 e6 5. b3 Be7 6. Bb2 O-O 7. Qc2 Nbd7 8. Rg1
Re8 9. g4 Nf8 10. g5 N6d7 11. h4 f6 12. cxd5 exd5 13. Nd4 Ne5 14. f4 c5 15.
fxe5 cxd4 16. gxf6 Bxf6 17. exf6 dxc3 18. Rxg7+ Kh8 19. Qxc3 d4 20. Qxd4 1-0

[Event "Hilton Open 2013"]
[Site "Basel"]
[Date "2013.01.02"]
[Round "2.32"]
[White "Klumpp, Jochen"]
[Black "Winterberg, Lukas"]
[Result "1-0"]
[WhiteElo "2070"]
[BlackElo "2212"]
[PlyCount "91"]
[EventDate "2013.??.??"]
[SourceDate "2013.01.01"]

1. c4 Nf6 2. g3 e6 3. Bg2 d5 4. Nf3 Be7 5. b3 O-O 6. Bb2 c5 7. cxd5 exd5 8. d4
Nc6 9. O-O Bg4 10. Nc3 a6 11. Rc1 Bxf3 12. Bxf3 cxd4 13. Na4 Nb4 14. a3 Nc6 15.
b4 a5 16. b5 Na7 17. Qb3 Qd6 18. Rfd1 Rac8 19. Rxc8 Nxc8 20. Rxd4 Qe6 21. Rd2
Rd8 22. Bxf6 Qxf6 23. Bxd5 Nd6 24. Rc2 Qd4 25. Rc7 Kf8 26. e3 Qe5 27. Nc5 Qa1+
28. Kg2 g6 29. Bxf7 Nxf7 30. Ne6+ Ke8 31. Nxd8 Kxd8 32. Qxf7 Kxc7 33. Qxe7+ Kb6
34. Qxh7 Qxa3 35. Qxg6+ Kxb5 36. h4 a4 37. h5 Qc3 38. h6 a3 39. Qe8+ Kb6 40.
Qd8+ Kb5 41. Qd7+ Kb6 42. Qd6+ Ka7 43. Qd5 Qb2 44. h7 Qc3 45. e4 b5 46. Qg8 1-0

[Event "Hilton Open 2013"]
[Site "Basel"]
[Date "2013.01.02"]
[Round "2.33"]
[White "Prill, Gerhard"]
[Black "Aerni, Andi"]
[Result "0-1"]
[WhiteElo "2056"]
[BlackElo "2206"]
[PlyCount "88"]
[EventDate "2013.??.??"]
[SourceDate "2013.01.01"]

1. e4 e5 2. Nf3 Nc6 3. Bc4 Bc5 4. c3 Nf6 5. d3 O-O 6. b4 Bb6 7. O-O d6 8. a4 a5
9. b5 Ne7 10. Be3 c6 11. bxc6 bxc6 12. Bxb6 Qxb6 13. Na3 Bg4 14. h3 Bh5 15. g4
Bg6 16. Bb3 Rab8 17. Rb1 Qc7 18. Qe2 Kh8 19. Nc4 Nd7 20. Bc2 f6 21. Nfd2 Nc5
22. Qe3 Ne6 23. Nb3 d5 24. Ncd2 c5 25. Qf3 Rfd8 26. Rfd1 Be8 27. Nc1 d4 28. c4
Nc6 29. Na2 Nf4 30. Nf1 Bd7 31. Kh2 h5 32. Ng3 hxg4 33. hxg4 g6 34. Ne2 Kg7 35.
Nxf4 exf4 36. Kg2 Ne5 37. Qxf4 Bxg4 38. Rg1 Bf3+ 39. Kf1 Rxb1+ 40. Bxb1 Rb8 41.
Qc1 Qb6 42. Bc2 Qb2 43. Ke1 Qxa2 44. Kd2 Qb2 0-1

[Event "Hilton Open 2013"]
[Site "Basel"]
[Date "2013.01.02"]
[Round "2.34"]
[White "Kvetny, Mark"]
[Black "Stoeri, Laura"]
[Result "1-0"]
[WhiteElo "2201"]
[BlackElo "2053"]
[PlyCount "53"]
[EventDate "2013.??.??"]
[SourceDate "2013.01.01"]

1. d4 Nf6 2. c4 e6 3. Nc3 Bb4 4. Qc2 O-O 5. e4 d6 6. a3 Bxc3+ 7. bxc3 c5 8. Bd3
Nc6 9. Ne2 b6 10. O-O Bb7 11. f4 d5 12. cxd5 c4 13. dxc6 cxd3 14. Qxd3 Bxc6 15.
Ng3 Qd7 16. f5 exf5 17. e5 Qd5 18. Rf3 Nd7 19. Nxf5 Rfe8 20. Nd6 Re7 21. Nf5
Ree8 22. Rg3 g6 23. c4 Qe6 24. Bh6 Rec8 25. Nd6 Rd8 26. Rf1 f6 27. Rxg6+ 1-0

[Event "Hilton Open 2013"]
[Site "Basel"]
[Date "2013.01.02"]
[Round "2.35"]
[White "Grandadam, Patrick"]
[Black "Ditzler, Juerg"]
[Result "1/2-1/2"]
[WhiteElo "2204"]
[BlackElo "2038"]
[PlyCount "70"]
[EventDate "2013.??.??"]
[SourceDate "2013.01.01"]

1. Nf3 g6 2. c4 Bg7 3. e4 c5 4. d4 cxd4 5. Nxd4 Nc6 6. Be3 Nf6 7. Nc3 Ng4 8.
Qxg4 Nxd4 9. Qd1 Nc6 10. Rc1 O-O 11. Be2 d6 12. O-O f5 13. exf5 Bxf5 14. Qb3
Nd4 15. Bxd4 Bxd4 16. Qxb7 Kh8 17. Qd5 Bg7 18. Qd2 Qb6 19. b3 Qd4 20. Qxd4 Bxd4
21. Bf3 Rad8 22. Nd5 e5 23. Ne7 Rd7 24. Nxf5 gxf5 25. b4 e4 26. Be2 Rb8 27.
Rfd1 Bb2 28. Rb1 Rxb4 29. Rd5 Ba3 30. Rxb4 Bxb4 31. Rxf5 Bc5 32. Bd1 Rb7 33.
Bb3 a5 34. g4 Kg7 35. h4 Rb4 1/2-1/2

[Event "Hilton Open 2013"]
[Site "Basel"]
[Date "2013.01.02"]
[Round "2.36"]
[White "Bender, Dirk"]
[Black "Michaelis, Nico"]
[Result "1/2-1/2"]
[WhiteElo "2047"]
[BlackElo "2165"]
[PlyCount "68"]
[EventDate "2013.??.??"]
[SourceDate "2013.01.01"]

1. c4 e6 2. g3 d5 3. cxd5 exd5 4. d4 Nf6 5. Bg2 c6 6. e3 Bf5 7. Nc3 Nbd7 8.
Nge2 Bd6 9. f3 Qe7 10. O-O O-O 11. Re1 Bb4 12. a3 Ba5 13. Nf4 Bxc3 14. bxc3 Nb6
15. a4 Rfe8 16. a5 Nc4 17. Bf1 b5 18. Nd3 a6 19. g4 Bg6 20. Nf4 Qc7 21. Bxc4
bxc4 22. Nxg6 hxg6 23. Qc2 Rab8 24. Ba3 Rb5 25. Bb4 Nd7 26. Rad1 c5 27. dxc5
Nxc5 28. Rxd5 Nd3 29. Rxd3 cxd3 30. Qxd3 Rd8 31. Qe2 Qd7 32. e4 Qc7 33. Rd1
Rbb8 34. Rd5 Qf4 1/2-1/2

[Event "Hilton Open 2013"]
[Site "Basel"]
[Date "2013.01.02"]
[Round "2.37"]
[White "Wirz, Heinz"]
[Black "Jud, Marc"]
[Result "1-0"]
[WhiteElo "2161"]
[BlackElo "2032"]
[PlyCount "135"]
[EventDate "2013.??.??"]
[SourceDate "2013.01.01"]

1. Nf3 Nf6 2. b3 e6 3. Bb2 d5 4. e3 c5 5. Be2 Be7 6. O-O O-O 7. c4 dxc4 8. Bxc4
b6 9. Qe2 Bb7 10. Rd1 Nbd7 11. Nc3 Ng4 12. d4 cxd4 13. Rxd4 Ngf6 14. Rad1 Qc8
15. Nb5 Bc6 16. a3 Ne8 17. R4d2 Nc5 18. Ne5 Nf6 19. Nxc6 Qxc6 20. Nd4 Qb7 21.
f3 a5 22. Nb5 Rad8 23. Be5 Rxd2 24. Qxd2 h6 25. Qc3 Rd8 26. Rxd8+ Bxd8 27. Nd6
Qc6 28. e4 Nb7 29. Nxb7 Qxb7 30. Bb5 Be7 31. b4 axb4 32. axb4 Qa8 33. Bd4 Qd8
34. Bf1 Ne8 35. g3 Qd6 36. b5 g6 37. Kg2 f6 38. Qe3 Qb8 39. Qxh6 Kf7 40. Qe3
Bd8 41. h4 e5 42. Qb3+ Kg7 43. Be3 Qd6 44. Bc4 Qd7 45. Be6 Qe7 46. Bd5 Nd6 47.
Bd2 Qd7 48. Qe3 g5 49. hxg5 fxg5 50. Bc6 Qe6 51. Bc3 Kh7 52. Bd5 Qe7 53. Qe2
Qg7 54. Qb2 Bf6 55. Kg1 Kg6 56. Qb4 Qc7 57. Bc6 Qe7 58. Qa4 Qe6 59. Bd5 Qc8 60.
Qb4 Nxb5 61. Qxb5 Qxc3 62. Qe8+ Kh6 63. Qf8+ Bg7 64. Qf5 Qe1+ 65. Kh2 Qf2+ 66.
Kh3 Qc5 67. Bg8 g4+ 68. Kxg4 1-0

[Event "Hilton Open 2013"]
[Site "Basel"]
[Date "2013.01.02"]
[Round "2.38"]
[White "Spiess, Thomas"]
[Black "Prill, Daniel"]
[Result "0-1"]
[WhiteElo "2028"]
[BlackElo "2154"]
[PlyCount "72"]
[EventDate "2013.??.??"]
[SourceDate "2013.01.01"]

1. Nf3 Nf6 2. c4 c6 3. Nc3 d5 4. e3 g6 5. Be2 Bg7 6. O-O O-O 7. d4 Re8 8. h3 e6
9. Qc2 Nbd7 10. Rd1 Qb6 11. b3 e5 12. cxd5 Nxd5 13. Nxd5 cxd5 14. Ba3 e4 15.
Nd2 Bf8 16. Bxf8 Nxf8 17. Rac1 Ne6 18. a3 Bd7 19. Qb2 Qd8 20. Nb1 Qg5 21. Bf1
f5 22. g3 f4 23. exf4 Nxf4 24. h4 Qg4 25. Kh2 e3 26. Re1 e2 27. gxf4 exf1=Q 28.
Rxf1 Qxf4+ 29. Kg1 Qg4+ 30. Kh2 Qxh4+ 31. Kg1 Bh3 32. f3 Qg3+ 33. Kh1 Bxf1 34.
Rxf1 Re1 35. Rxe1 Qxe1+ 36. Kg2 Re8 0-1